10 Państw z najniższym PKB na osobę - Statystyki

Ogólne statystyki
  • Ten quiz został rozwiązany 24 razy
  • Średni wynik to 6 z 10
Statystyki odpowiedzi
Nr Państwa % Poprawnych
7. 1900$ Demokratyczna Republika Konga
81%
6. 1900$ Somalia
81%
1. 960$ Sudan Południowy
71%
9. 2020$ Jemen
62%
2. 1010$ Burundi
52%
3. 1310$ Republika Środkowoafrykańska
52%
5. 1790$ Mozambik
48%
4. 1760$ Malawi
43%
8. 2000$ Liberia
38%
10. 2060$ Madagaskar
33%
Nie znaleziono quizów pasujących do podanych kryteriów
Rozkład punktacji
Procent ludzi z każdym wynikiem
Percentyl według liczby udzielonych odpowiedzi
Twoja historia wyników
Nie rozwiązałeś tego quizu